Statistics for Identify the Car Brand

Click here to take the quiz!

General Stats

  • This quiz has been taken 45 times
  • The average score is 6 of 8

Answer Stats

Answer% Correct
Ferrari
93%
Jeep
88%
Porsche
88%
Volkswagen
88%
Tesla
81%
Cadillac
65%
Mclaren
58%
Alfa Romeo
53%

Score Distribution

Percentile by Number Answered

Percent of People with Each Score

Your Score History

You have not taken this quiz